ARRUPE JESUIT UNIVERSITY

CORONAVIRUS -STOP THE SPREAD - CLEAN,DISINFECT,COVER

James Frederick Sangala : (Record no. 130401)

MARC details
000 -LEADER
fixed length control field 01077cam a2200301 i 4500
001 - CONTROL NUMBER
control field 2705313
003 - CONTROL NUMBER IDENTIFIER
control field ARRUPE
005 - DATE AND TIME OF LATEST TRANSACTION
control field 20200312121705.0
008 - FIXED-LENGTH DATA ELEMENTS--GENERAL INFORMATION
fixed length control field 800213s1974 mw a 000 0beng
010 ## - LIBRARY OF CONGRESS CONTROL NUMBER
LC control number 75980067
020 ## - INTERNATIONAL STANDARD BOOK NUMBER
International Standard Book Number 0582603056
040 ## - CATALOGING SOURCE
Original cataloging agency DLC
Transcribing agency DLC
Modifying agency DLC
043 ## - GEOGRAPHIC AREA CODE
Geographic area code f-mw---
050 00 - LIBRARY OF CONGRESS CALL NUMBER
Classification number DT3219.S5
Item number P573
082 00 - DEWEY DECIMAL CLASSIFICATION NUMBER
Classification number 968.97/03/0924
-- B
300 ## - PHYSICAL DESCRIPTION
Other physical details ill. ;
Dimensions 19 cm.
100 1# - MAIN ENTRY--PERSONAL NAME
Personal name Phiri, D. D.
Fuller form of name (Desmond Dudwa)
9 (RLIN) 44764
245 00 - TITLE STATEMENT
Title James Frederick Sangala :
Remainder of title founder of the Nyasaland African Congress and bridge between Patriot John Chilembwe and Ngwazi Dr. H. Kamuzu Banda /
Statement of responsibility, etc by D. D. Phiri.
260 ## - PUBLICATION, DISTRIBUTION, ETC. (IMPRINT)
Place of publication, distribution, etc Lilongwe :
Name of publisher, distributor, etc Longman (Malaŵi),
Date of publication, distribution, etc 1974.
300 ## - PHYSICAL DESCRIPTION
Extent viii, 64 p. :
440 #0 - SERIES STATEMENT/ADDED ENTRY--TITLE
Title Malawians to remember
9 (RLIN) 49621
600 10 - SUBJECT ADDED ENTRY--PERSONAL NAME
Personal name Sangala, James Frederick,
Dates associated with a name 1900-
9 (RLIN) 49622
610 20 - SUBJECT ADDED ENTRY--CORPORATE NAME
Corporate name or jurisdiction name as entry element Nyasaland African Congress.
9 (RLIN) 49623
650 #0 - SUBJECT ADDED ENTRY--TOPICAL TERM
Topical term or geographic name as entry element Nationalism
Geographic subdivision Malawi.
9 (RLIN) 49624
650 #0 - SUBJECT ADDED ENTRY--TOPICAL TERM
Topical term or geographic name as entry element Statesmen
Geographic subdivision Malawi
General subdivision Biography.
9 (RLIN) 49625
651 #0 - SUBJECT ADDED ENTRY--GEOGRAPHIC NAME
Geographic name Malawi
General subdivision Politics and government.
9 (RLIN) 14178
906 ## - LOCAL DATA ELEMENT F, LDF (RLIN)
a 7
b cbc
c orignew
d 4
e ncip
f 19
g y-gencatlg
942 ## - ADDED ENTRY ELEMENTS (KOHA)
Source of classification or shelving scheme Library of Congress Classification
Koha item type Monograph ( Printed materials)
Holdings
Withdrawn status Lost status Source of classification or shelving scheme Damaged status Not for loan Collection code Home library Current library Shelving location Date acquired Total Checkouts Full call number Barcode Date last seen Price effective from Koha item type
    Library of Congress Classification     Main Collection ARRUPE LIBRARY ARRUPE LIBRARY Main Collection 12/03/2020   DT3219.S5 P573 46600006717 12/03/2020 12/03/2020 Monograph ( Printed materials)

 

Arrupe Library. PO Box MP320 Mt Pleasant, Harare, Zimbabwe
263 242 745411|librarian@aju.ac.zw